| 000 | 00680nam a22001817a 4500 | ||
|---|---|---|---|
| 999 |
_c15657 _d15657 |
||
| 008 | 201015b ||||| |||| 00| 0 eng d | ||
| 020 | _a9715420133 | ||
| 082 |
_21999 _aDFil 959.9047 _bP84 |
||
| 245 |
_aThe Post-EDSA constitutional commissions (1986-1992): _bself-assessments and external views and assessments/ _cedited by Jose V. Abueva, Emerlinda R. Roman. |
||
| 260 |
_aQuezon City: _bUP Press, _c©1999. |
||
| 300 |
_a173 pages; _c26 cm. |
||
| 500 | _aIncludes index. | ||
| 650 |
_aAquino, Corazon C. _942373 |
||
| 650 |
_aPhilippines -- Politics and government. _942374 |
||
| 700 |
_aAbueva, Jose V. _916328 |
||
| 700 |
_aRoman, Emerlinda _942375 |
||
| 942 |
_2ddc _cDFIL |
||